[Event "Novak Nikolic Memorial 2nd"]
[Site "Belgrade"]
[Date "2000.02.08"]
[Round "6"]
[White "Govedarica, Radovan"]
[Black "Damljanovic, Branko"]
[Result "0-1"]
[WhiteElo "2483"]
[BlackElo "2534"]
[Annotator "Gofshtein,L"]
[PlyCount "84"]
[EventDate "2000.02.02"]
[EventType "tourn"]
[EventRounds "11"]
[EventCountry "YUG"]
[EventCategory "11"]
[SourceTitle "CBM 076"]
[Source "ChessBase"]
[SourceDate "2000.05.31"]
[SourceVersion "1"]
[SourceVersionDate "2000.05.31"]
[SourceQuality "1"]

{[%mdl 32]} 1. e4 c5 2. Nf3 d6 3. d4 cxd4 4. Nxd4 Nf6 5. Nc3 Nc6 6. Bg5 e6 7.
Qd2 a6 8. O-O-O Bd7 9. f4 b5 10. Bxf6 gxf6 11. Kb1 Qb6 12. Nf3 (12. Nxc6) (12.
Nce2) 12... O-O-O 13. g3 ({Seems that} 13. f5 $1 {is strong and pressure on
weakness e6 (after fe fe change) bring to White advantage.} Kb7 (13... Kb8 14.
fxe6 (14. Qe1 Bc8 15. g3 Bh6 16. fxe6 fxe6 17. Bh3 Be3 18. Rf1 Rhf8 19. Ne2 d5
20. exd5 Rxd5 21. Rxd5 exd5 22. Bxc8 Rxc8 23. Nf4 Ne7 $132 {1-0 Kavalek,
L-Visier Segovia,F/Montilla Moriles 1977 (68)}) 14... fxe6 15. g3 Qc5 16. Bh3
Bc8 17. Qe1 Bg7 18. Rf1 Rhe8 19. Ne2 Ne5 20. Nfd4 Nc4 21. Rf3 d5 22. exd5 Rxd5
23. Rfd3 Ne5 24. Rc3 Qb6 25. Rxc8+ Kxc8 26. Nxe6 Rxd1+ 27. Qxd1 $18 {1-0
Diesen,M-Torre,E/Polanica Zdroj 1977 (57)}) (13... h5 14. fxe6 fxe6 15. Ne2 Kb7
16. Qe1 Be8 17. Ned4 {[%csl Re6]} Nxd4 18. Nxd4 Bf7 19. g3 {[%cal Gf1h3]} Bg7
20. Bg2 Kb8 21. e5 d5 22. exf6 Bxf6 23. Rf1 $14 {1-0 Matulovic,M-Ciocaltea,V/
Nice 1977/Inf 24/ (35)}) 14. fxe6 fxe6 15. g3 h5 16. Bh3 Bh6 17. Qg2 Ne5 18.
Nd4 {[%csl Re6]} Rhe8 19. Nce2 Ng4 20. Qf3 e5 21. Nf5 $16 {1-0 Suetin,
A-Weinstein,N/Belgrade 1977 (43)}) (13. Bd3 Kb7 (13... Kb8 14. Rhf1 (14. Rhe1
Bc8 15. Bf1 h5 16. g3 Bb7 (16... Bh6 17. Re3 Bb7 18. Bg2 Na5 19. b3 h4 20. Nxh4
Bxf4 21. gxf4 Rxh4 22. Rh3 Rxh3 23. Bxh3 Nc6 $132 {1-0 Borocz,I-Kovacs,J/
Budapest Spring ,EXT 1995 (46)}) 17. Re3 d5 18. exd5 Bc5 19. Ree1 Nb4 20. Bd3
Nxd5 21. Nxd5 Bxd5 22. Qe2 $14 {1/2-1/2 Byrne,R-Weinstein,N/Pasadena ch-USA
1978 (31)}) 14... Bc8 15. f5 h5 16. Qe1 Ne5 17. Qh4 Be7 18. Be2 Rdg8 19. Nxe5
dxe5 20. Bf3 b4 (20... Qc5 21. Rd3 Bb7 22. a3 Rc8 23. Rc1 a5 $132 {0-1 Klovan,
Y-Beliavsky,A/USSR 1977/Inf 24 (39)}) 21. Ne2 exf5 22. exf5 Bxf5 23. Ng3 Bg4
$15) 14. f5 h5 15. Ne2 Qc5 16. c3 Bh6 17. Qc2 Be3 18. Rhf1 h4 19. Nc1 Ne7 20.
Nb3 Qb6 21. Qe2 $14 {1-0 Spassky B V-Bertok M/Sochi 1966 (37)}) 13... Kb8 14.
f5 (14. Bh3 Bc8 (14... Na5 15. Rhe1 (15. b3 b4 16. Ne2 Bc6 17. Qd4 Qxd4 18.
Rxd4 d5 19. e5 Bc5 20. exf6 Bxd4 21. Nexd4 Be8 22. Ne5 $14 {1-0 Oe-Boye/cr ch
DK 1987 (45)}) 15... Be7 16. b3 Nb7 17. Qe3 Qxe3 18. Rxe3 Rhe8 19. a3 Bf8 20.
Kb2 $14 {[%csl Rf6,Rf7] 1-0 Short,N-Van der Wiel,J/Wijk aan Zee 1987/Inf 43 
(41)}) 15. Rhe1 h5 16. Re3 Bb7 17. Qe1 Ne7 18. Red3 Bg7 19. a3 d5 20. exd5 Nxd5
21. Nxd5 Rxd5 22. Rxd5 Bxd5 23. Nh4 $14 {1/2-1/2 Vasiukov,E-Tukmakov,V/
Moscow-3teams ,MCL 1973 (35)}) 14... Bc8 (14... b4 15. Na4 Qa5 16. b3 Be7 17.
Qe3 Ne5 18. Nb6 Bc6 19. Nc4 Qc5 20. Nd4 Bxe4 (20... exf5 21. Nxc6+ Qxc6 22. Rd5
fxe4 23. Qxe4 $44) 21. Nxe5 (21. Qxe4 d5 22. Qf4 dxc4 23. fxe6 Rd6 $1 $19 {
[%csl Rd4][%cal Gh8d8]}) 21... Qxe5 22. Bxa6 Ka8 23. Rhe1 exf5 (23... d5 $16)
24. Nxf5 Bxc2+ 25. Kxc2 Qxf5+ 26. Qe4+ Qxe4+ 27. Rxe4 Rd7 28. Rxb4 $14 {
1/2-1/2 Lobron-Van der Wiel/Ter Apel 1987 (109)}) (14... Qc5 15. Bh3 Ne5 16.
Nd4 Nc4 17. Qd3 Rc8 18. fxe6 fxe6 19. Nce2 Qb4 20. Nb3 h5 21. Nf4 Re8 22. c3
Qa4 23. Nd4 Ne5 24. Qe2 $16 {1-0 Aleksieva,S-Grabics,M/5/6 1995 (52)}) 15. fxe6
(15. Bh3 Be7 (15... h5 16. Qe1 (16. Rhf1 Bh6 17. Qe1 Ne5 18. fxe6 fxe6 19. Nd4
Ng4 20. Qe2 Be3 21. Nf5 exf5 22. Nd5 Qc5 23. Bxg4 hxg4 24. Nxe3 fxe4 25. Rxf6
d5 $132 {1/2-1/2 Solak,D-Vuckovic,B/Lazarevac YUG 1999 (61)}) 16... Bh6 17. Ne2
Ne5 18. Ned4 Ng4 19. fxe6 fxe6 20. Qc3 Bb7 21. Nxe6 Rc8 22. Qd4 Qxd4 23. Nexd4
Bxe4 24. Rhe1 d5 25. Re2 $11 {1/2-1/2 Liberzon,V-Zaltsman,V/Lone Pine 1981 (45)
}) (15... Bg7 16. Qe1 Rhe8 {Trying to provocate P change on e6} 17. fxe6 $2 {
Premature change} ({Better was} 17. Ne2 $1 Ne5 (17... exf5 18. Bxf5 Bxf5 19.
exf5 Qc5 (19... Qe3 20. Ned4 $16) (19... Ne5 20. Nfd4 $14) 20. Qd2 Qxf5 21.
Ned4 Qc5 22. Nxc6+ Qxc6 23. Nd4 $14) (17... d5 18. exd5 exd5 19. Qd2 $14) 18.
Nfd4 d5 (18... Bb7 19. Nf4 $16 {[%csl Re6]}) 19. exd5 Rxd5 20. Bg2 Rd6 21. Qf2
Red8 22. c3 (22. Rhf1 exf5 $15 23. Nc6+ Qxc6 $1 $19) 22... Bb7 (22... exf5 23.
Nc6+ $16) 23. Bxb7 Qxb7 24. Rhf1 Qe4+ 25. Ka1 $14) 17... fxe6 18. Ne2 Ne5 (
18... d5 $2 19. exd5 Rxd5 20. Rxd5 exd5 21. Bxc8 $14) 19. Nfd4 {[%csl Re6]} (
19. Nxe5 dxe5 $15) 19... d5 $1 $15 {[%csl Ge6][%cal Gb6e6] 0-1 Sedlak,
N-Damljanovic,B/JUG-ch 2000/[Gofshtein] (49)}) 16. Qh6 b4 17. Na4 Qa5 18. b3 d5
19. fxe6 fxe6 20. exd5 Rxd5 21. Qe3 Rxd1+ 22. Rxd1 Rd8 23. Re1 f5 $132 {
1-0 Beliavsky,A-Gheorghiu,F/Leningrad 1977/Inf 25 (41)}) 15... fxe6 16. Bh3 $14
Bg7 (16... Be7 17. Qh6 Qc5 18. Rhf1 Rdg8 19. Ne2 Ne5 20. Nfd4 Ng4 21. Bxg4 Rxg4
22. Nf4 e5 23. Nb3 Qa7 24. Nd5 $16 {1-0 Pietzsch,W-Palmason/La Habana (ol)
1966/Inf 02 (33)}) 17. Ne2 $2 $17 {Serious mistake} ({Right was} 17. Rhf1 b4
18. Ne2 d5 19. Ned4 Ne7 (19... Nxd4 20. Qxd4 $1 Qb5 (20... Qxd4 21. Nxd4 $16 {
[%csl Rc6,Re6]}) (20... Qa5 21. e5 Rhf8 22. Qg4 Bh8 23. Nd4 $14) 21. e5 $14)
20. Qe1 $14) 17... d5 $1 {Black immediately use the moment!} 18. Qd3 (18. exd5
Rxd5 19. Qf4+ e5 20. Qh4 Qe3 21. Rxd5 Qxf3 22. Rhd1 Qxe2 23. Bxc8 Rxc8 $17)
18... dxe4 19. Qxe4 f5 $1 20. Qf4+ Qc7 21. Qxc7+ {Queens and rooks change is
forced, and par of Black bishops will dominate on the board.} Kxc7 22. Nf4
Rxd1+ $1 23. Rxd1 Rd8 24. Rxd8 $2 $19 ({Maybe a little bit better was} 24. Re1
e5 25. Nh5 Bh8 26. Nh4 Ne7 $17 {with certain chances to draw}) 24... Kxd8 25.
Nh5 (25. Ng5 Ke7 26. Nxh7 Ne5 27. Bg2 Bh6 28. Nh5 Kf7 29. h4 Kg6 30. N7f6 Be3
31. Bf1 Ng4 32. Nxg4 fxg4 33. Nf4+ Bxf4 34. gxf4 Bb7 $19) 25... Ne5 $1 26. Nd4
(26. Nxg7 Nxf3 $19 {[%csl Rh2]}) 26... Bh6 27. Bg2 (27. c3 Ke7 28. Nf4 Ng4 29.
Nf3 Bb7 30. Bxg4 fxg4 31. Ne5 Bxf4 32. gxf4 h5 (32... Kf6 33. Nxg4+ Kf5 34. Ne5
Kxf4 $17) 33. Kc2 Kf6 34. Kd3 Kf5 35. Ke3 h4 36. Nf7 g3 37. hxg3 hxg3 38. Nd6+
(38. a4 Kg4 $19) 38... Kg4 $19) 27... Ke7 28. Nf4 Ng4 $1 {[%csl Rh2]} 29. h4 (
29. h3 Ne3 30. Bh1 e5 31. Nc6+ Kd6 32. Ne2 $19) 29... Ne3 30. Nde2 (30. Bh1 e5
31. Nc6+ Kd6 $19) 30... Nxg2 31. Nxg2 e5 {[%csl Gc8,Re2,Rg2,Gh6]} 32. Ne1 Bb7
33. Nd3 Kd6 $19 {White pieces look poorly...} 34. a4 (34. b4 Be3 35. Kb2 h5 36.
Nc3 Bf3 37. Kb3 e4 $19 (37... f4 38. gxf4 exf4 39. a4 $17)) 34... bxa4 35. Nc3
Bc6 36. Nb4 Bd2 37. Nxc6 Kxc6 38. Ne2 Kd5 39. c3 Ke4 40. Kc2 Be3 41. c4 Bc5 42.
Nc3+ Kd4 0-1

[Event "EU-chT (Men) 14th"]
[Site "Plovdiv"]
[Date "2003.10.13"]
[Round "3.4"]
[White "Perunovic, Milos"]
[Black "Landenbergue, Claude"]
[Result "1-0"]
[WhiteElo "2534"]
[BlackElo "2441"]
[Annotator "Gofshtein,L"]
[PlyCount "87"]
[EventDate "2003.10.10"]
[EventType "team-swiss"]
[EventRounds "9"]
[EventCountry "BUL"]
[SourceTitle "CBM 098"]
[Source "ChessBase"]
[SourceDate "2004.02.03"]
[SourceVersion "1"]
[SourceVersionDate "2004.02.03"]
[SourceQuality "1"]
[WhiteTeam "Serbia & Montenegro"]
[BlackTeam "Switzerland"]
[WhiteTeamCountry "YUG"]
[BlackTeamCountry "SUI"]

1. e4 c5 2. Nf3 d6 3. d4 cxd4 4. Nxd4 Nf6 5. Nc3 a6 6. Bg5 Nc6 7. Qd2 e6 8.
O-O-O Bd7 9. f3 Be7 10. g4 ({The main move is:} 10. h4 h6 {-see games in this
opening key;}) 10... h5 $5 {This move prevents white from attack on the
queenside and black gets the rook- h8 in to the game via h-file;} (10... b5 11.
Nxc6 Bxc6 12. Bd3 Rc8 13. Ne2 Nd7 14. Bxe7 Qxe7 15. Nd4 $11 {1-0 Baramidze,
D-Langheinrich,F/Augsburg 2002/CBM 87 ext (64). (63)}) 11. gxh5 Rxh5 {11...Nh5
deserves serious attention. It is good for black to exchange the dark squared
bishops getting control over e5 and f4} (11... Nxh5 $5 12. Bxe7 Qxe7 13. Rg1 (
13. Nde2 g5 {[%cal Gh5f4,Rc6e5]} 14. Rg1 (14. Qxd6 Qxd6 15. Rxd6 Ne5 16. Bg2
Ng6 $44 {[%csl Rh2][%cal Gh5f4,Ge8c8,Yh8h7,Ya8h8]}) 14... Ne5 {0-1 Lane,
G-Wells,P/Torquay 2002/CBM 91/[Tyomkin,D] (27)}) (13. Nxc6 Bxc6 14. Qxd6 $6
Qxd6 15. Rxd6 Ng3 16. Rg1 Nxf1 17. Rxf1 Rxh2 $15) 13... Rd8 14. Nce2 Qf6 $132 {
0-1 Steinbacher,M-Hort,V/Germany 1986/GER-chT (31)}) 12. h4 (12. f4 Qb6 13. Nf3
O-O-O 14. Bc4 Be8 15. Qe2 Ng8 16. Rhg1 Na5 17. f5 Bxg5+ 18. Nxg5 {1/2-1/2
Kurnosov,I-Kalugin,S/Alushta 2000/EXT 2001 (18)}) 12... Qb6 {Black prepares a
long castling. 12...b5 also deserved attention, taking some space at the
queenside} (12... b5 $5 13. Bg2 Qb6 14. Nxc6 Bxc6 15. Ne2 Rd8 16. Nd4 Bb7 $13 {
1/2-1/2 Tringov,G-Hort,V/Skara 1980/EU-chT (31)}) 13. Nb3 Qc7 14. f4 O-O-O 15.
Bg2 Kb8 16. Rhe1 Bc8 (16... Ne8 $5 17. Bf3 Rh8 18. Bxe7 Nxe7 19. h5 $14) 17.
Qe2 Rhh8 18. Bf3 (18. e5 dxe5 19. Bxc6 Qxc6 20. fxe5 Nd5 21. Bxe7 Nxe7) 18...
g6 $2 {A positional mistake. Now white succeeds to corrupt black's pawn
structure on the queenside.} (18... Ne8 $5 $14) 19. e5 $1 dxe5 20. Bxc6 $1 bxc6
21. fxe5 Nd5 22. Na4 $36 {[%csl Ra6,Yc5,Rc6][%cal Ra4c5,Rb3c5] Taking control
over important squares near the black king} Bxg5+ 23. hxg5 Qe7 24. Kb1 {
A positional pawn sacrifice. White has a clear compensation because of the
weak black king} Qxg5 25. a3 $44 Qh5 $6 {Black's taking his queen away from
the queenside not noticing white's stong reply} 26. Qc4 $3 {[%mdl 64]} Qh4 {
Black does not fall in a trap and is forced to lose a few tempis in order to
get to the same position} (26... Nb6 27. Qb4 $1 Rxd1+ 28. Ka2 $1 Rxe1 29. Qxb6+
Ka8 30. Qc7 $1 Bb7 31. Nbc5 Rb8 32. Nb6+ Ka7 33. Nbd7 Qh8 34. Qb6+ Ka8 35. Nxa6
$18) 27. Nd4 $16 Bb7 28. Nc5 Nb6 29. Qb4 (29. Qc3 $1 Rc8 30. Qa5 Ka7 31. Ne4 (
31. Re3 $18)) 29... Ka7 30. Re3 {[%cal Re3b3] White connects his rook to the
attack via the third rank} Qe7 31. Rb3 Qc7 32. Rf1 {[%cal Rf1f7]} Rh7 {The
capture on f7 was threatened} 33. Ka2 Rb8 34. Qa5 {Black is in zugzwang. It's
only left for white to bring the rook to the attack. His plan is simple, Rb4
and the Rf3-b3} Nd5 35. Rxb7+ $18 {Winning by force} Rxb7 36. Qxa6+ Kb8 37.
Nxc6+ Kc8 38. Qa8+ Rb8 39. Nxb8 Qxb8 40. Qa6+ Kd8 41. Nxe6+ Ke7 42. Ng5 Rg7 43.
Rxf7+ Rxf7 44. Qe6+ 1-0

[Event "EU-ch 4th"]
[Site "Istanbul"]
[Date "2003.06.03"]
[Round "5"]
[White "David, Alberto"]
[Black "Kozul, Zdenko"]
[Result "0-1"]
[WhiteElo "2548"]
[BlackElo "2601"]
[Annotator "Gofshtein,L"]
[PlyCount "66"]
[EventDate "2003.05.30"]
[EventType "swiss"]
[EventRounds "13"]
[EventCountry "TUR"]
[SourceTitle "CBM 096"]
[Source "ChessBase"]
[SourceDate "2003.09.25"]
[SourceVersion "1"]
[SourceVersionDate "2003.09.25"]
[SourceQuality "1"]

1. e4 {[%mdl 4]} c5 2. Nc3 Nc6 3. Nge2 d6 4. d4 cxd4 5. Nxd4 Nf6 6. Bg5 e6 7.
Qd2 a6 8. O-O-O Bd7 9. f4 b5 10. Bxf6 gxf6 11. Kb1 Qb6 12. Nxc6 Bxc6 13. Qe1
Ra7 14. f5 {Tipical attack, widely used in this line. White's plan is
simple-to get to the black's weak spots} Qc5 15. Bd3 b4 16. Ne2 Bh6 {besides
the move that been played, there also been tried 16...e5. White usually gets
an iniative. for ezample:} (16... e5 17. Ng3 $5 (17. Nc1 a5 18. Qe2 Bh6 19.
Rhe1 a4 $132 {0-1 Bensch,P-Borriss,M/Passau 1999/EXT 2000 (30)}) 17... h5 18.
h4 a5 19. Qe2 Ke7 20. Nxh5 a4 21. g4 a3 22. Bc4 $16 {1-0 Borriss,M-Kozul,Z/
Munich 1993/TD (39)}) 17. fxe6 $6 {this opening of the game is very dangerous.
white must have forgotten of a1-h8 diagonal} (17. Rf1 $5) (17. Ng3 $5) 17...
fxe6 18. Qh4 Bg7 19. Qh3 Re7 20. Nf4 $2 {white plays in an active way and
looses quickly. it was necessary to think about defence by playing 20.c3} (20.
c3) 20... f5 $1 21. Qh5+ (21. Nh5 Be5 $19) 21... Kd8 22. Bxa6 Bxe4 23. Nd3 Qd4
$2 {immediatly wins 23...Qb6 24.Bc4 Qd4} (23... Qb6 $1 $19) 24. Qh4 Rg8 {
better was- 24...Bf6 going to a winning endgame} (24... Bf6 $5 25. Qf2 Qxf2 26.
Nxf2 Bxg2 27. Rhg1 Bd5) 25. Rhe1 Bf6 26. Qf2 Qxf2 27. Nxf2 Bxg2 28. Rxd6+ Kc7
29. Rd2 (29. Rdxe6 Rxe6 30. Rxe6 Bd5 31. Re1 Bh4 $19) 29... Bh4 $5 {improving
the position of the peices and preparing e6-e5} 30. Bc4 Rg6 31. a3 bxa3 32. b3
e5 33. Ka2 e4 $19 0-1

[Event "Kramatorsk"]
[Site "Kramatorsk"]
[Date "2003.08.04"]
[Round "10"]
[White "Efimenko, Zahar"]
[Black "Andreev, Eduard"]
[Result "1-0"]
[WhiteElo "2546"]
[BlackElo "2490"]
[Annotator "Gofshtein,L"]
[PlyCount "97"]
[EventDate "2003.07.29"]
[EventType "tourn"]
[EventRounds "14"]
[EventCountry "UKR"]
[EventCategory "10"]
[SourceTitle "CBM 097"]
[Source "ChessBase"]
[SourceDate "2003.11.11"]
[SourceVersion "1"]
[SourceVersionDate "2003.11.11"]
[SourceQuality "1"]

1. e4 {Hecht} c5 2. Nf3 d6 3. d4 cxd4 4. Nxd4 Nf6 5. Nc3 Nc6 6. Bg5 e6 7. Qd2
a6 8. O-O-O Bd7 9. f4 b5 10. Bxf6 gxf6 11. Kb1 b4 12. Nce2 Qb6 13. f5 Nxd4 {
The immideate 13...e5 was also played before, which leads in a different move
order to 13...Nd4 14.Nd4 e5 15.Ne2} (13... e5 14. Nxc6 Bxc6 15. Ng3 h5 16. Be2
h4 17. Nh5 Be7 18. Bf3 a5 19. g4 hxg3 20. hxg3 O-O-O 21. g4 $13 {1/2-1/2
Huebner,R-Dreev,A/Nussloch 1996/CBM 53 (70)}) 14. Nxd4 e5 15. Nf3 {[%mdl 8] A
novelty. In this position white usually played 15.Ne2 with the idea to
transfer the knight to h5, or 15.Nb3} (15. Ne2 h5 16. h4 Rc8 (16... Ke7 17. Ng3
Bh6 18. Qe2 $5 Bc6 19. Nxh5 Qb7 20. Re1 a5 21. g4 a4 22. Rh3 Ra5 23. Nxf6 Kxf6
24. g5+ $36 {1-0 Wahls,M-Boidman,Y/Berlin 1996/CBM 54 ext (36)}) 17. Ng3 Ke7
18. Bd3 a5 19. Qe2 a4 20. Nxh5 (20. Bc4 Bh6 21. b3 Qe3 22. Qd3 Qxd3 23. Rxd3
Bc6 $132 {1/2-1/2 Acs,P-Miton,K/Yerevan 2000/CBM 78 ext (68)}) 20... b3 $132 {
[#]. 0-1 Antal,G-Izoria,Z/Oropesa del Mar 2000/EXT 2001 (34)}) (15. Nb3 Rc8 16.
Qe1 a5 17. Nd2 Rc5 18. Nc4 Qc7 19. b3 {1-0 Madl,I-Tsiganova,M/Istanbul 2000/
EXT 2001 (36)}) 15... h5 $6 {A dubious move which allows white bishop to c4,
where it's placed very well} (15... Bc6 $5) (15... Rc8 $5 {[%cal Rc8c2]}) 16.
Bc4 $5 Rc8 17. Qe2 a5 18. Rd5 $5 {With the idea to exchange the light squared
bishops after Bb5 after which th light squares of black would be even weaker}
Rc5 {Black prevents the exchange of the light squared bishops} 19. Nd2 {
[%cal Rd2f1,Rf1e3] White transfers his knight to a better position} a4 20. Nf1
Bc6 21. Ne3 $5 {A positional exchange sacrifice. If black recieves it, then
the knight would be extremely strong on d5} Be7 {Black doesn't recieve the
exchange} 22. Rhd1 a3 23. b3 Bxd5 24. Nxd5 Rxd5 25. Rxd5 Qg1+ 26. Rd1 Qc5 27.
c3 $5 {White breaks black's pawn chain on the queen side and brings his king
closer to the center, in view of the forthcoming endgame} bxc3 28. Kc2 Bd8 {
[%cal Rd8a5] Black tries to activate his passive dark squared bishop} 29. Kxc3
Ba5+ 30. Kc2 Bb6 31. Qd2 Ke7 32. Qd5 $5 {[%mdl 4096] Forcing black to exchange
queens after which the result of the game is undoubtful} Qxd5 33. Rxd5 {
Hecht: '[#] Strategically, a clearly superior white position.Because of the
poor black pawn structure White has in effect an extra pawn and thanks to the
possibility of b4 the a3-pawn is of little help to Black. Systematic play
leads to a win.' Hecht: '[#] Strategisch klar überlegene weiße Position Wegen
der schlechten schwarzen Bauernstruktur verfügt Weiß faktisch über einen
Mehrbauern und dank der Möglichkeit b4 ist der Ba3 keine Zierde der schwarzen
Stellung. Systematische Gewinnführung. '} Rg8 34. g3 Kd7 {Hecht: 'aimed at the
Rb5.' Hecht: 'gegen Tb5 gerichtet'} 35. Rd3 Rc8 36. Rc3 $1 {White uses tactics
in order to take control over the c-file} Ke7 (36... Bd4 37. Be6+ fxe6 38.
fxe6+ Kd8 39. e7+ $18) (36... Bg1 {Hecht} 37. Be6+ $5 (37. h3 $142 Ke7 38. Bd5
$18 {a3 is a weakness and there is a chance of setting up a distant passed
pawn on the kingside. Schwäche a3 und Möglichkeit einen entfernten Freibauern
am Königsflügel zu installieren.}) 37... fxe6 38. fxe6+ Kxe6 39. Rxc8 Bxh2 40.
Re8+ Kf7 41. Rh8 Bxg3 42. Rxh5 Ke6 $132 43. b4 d5 (43... Bf4 44. Kb3 Bc1 45.
Kc4 $18) 44. exd5+ Kxd5 45. Rh3 {and White should win. und Weiß sollte gewinnen
}) 37. Be2 {The active 37.Bd5 was stronger} (37. Bd5 $5 Rb8 (37... Rxc3+ 38.
Kxc3 Bg1 39. h3 Be3 40. Kb4 Bc1 41. Ka4 $18) 38. b4 Bg1 39. Rc7+ Ke8 40. Kb3
Bxh2 41. Rxf7 Rb6 42. Rg7 $18) 37... Rh8 {Black deviates from exchanging rooks
as in this case white's two passed pawns (b and h) will decide the game wasily
in his favour} 38. b4 h4 39. Rxa3 hxg3 40. hxg3 {The more active position of
the white pieces and a material advantage turn white's position into totally
winning} Rh2 41. Kd2 Rh1 (41... Kd7 {Hecht} 42. Ra6 Kc7 43. a4 $18) 42. Ra6 Bd4
43. Bc4 $5 {White gets the bishop back to an active position} Rh2+ 44. Kd3 Rh3
45. Bd5 $5 $18 {Frees the c4 square for the bishop} Rxg3+ 46. Kc4 Rg8 (46...
Rc3+ $144 {Hecht} 47. Kb5 Rc8 48. a4 $18) 47. Ra8 Rg2 (47... Rxa8 {Hecht} 48.
Bxa8 Kd7 49. a4 Bf2 50. a5 Be1 51. Kb5 Kc7 52. Bd5 $18 {[%cal Gb5a4,Gb4b5,
Gb5b6]}) 48. Bc6 {Hecht: 'The game comes to an abrupt end after a mating
attack.' Hecht: 'Ein Mattangriff beendet abrupt die Partie.'} Rc2+ 49. Kd5 1-0